Na kolech vzhůru k pramenům /

Hlavní autor: Smolík, Karel
Jazyk: Čeština
Vydáno: [Velká Bíteš] : Informační centrum a Klub kultury Města Velké Bíteše, 2014
Edice: Průvodce Bítešskem
Témata:
Fyzický popis: 18 s. : il., 1 mapa, portréty ; 21 cm
Knihy
Uloženo v:
LEADER 01700nam a2200445 a 4500
001 nkc20142636070
003 CZ PrNK
005 20170328155635.0
007 ta
008 141113s2014 xr abc e f 000 0 cze
020 |a 978-80-260-7260-7  |q (v knize neuvedeno ;  |q brož.) 
040 |a ABA001  |b cze 
043 |a e-xr---  |b e-xr-vy  |2 czenas 
072 7 |a 908(437)  |x Vlastivěda Česka a Slovenska  |2 Konspekt  |9 8 
080 |a 796.61  |2 MRF 
080 |a 556.36  |2 MRF 
080 |a 908(437.324)  |2 MRF 
080 |a (036)  |2 MRF 
100 1 |a Smolík, Karel  |7 jo2014847762  |4 aut  |4 pht 
245 1 0 |a Na kolech vzhůru k pramenům /  |c [autor Karel Smolík ; foto Karel Smolík ... et al.] 
260 |a [Velká Bíteš] :  |b Informační centrum a Klub kultury Města Velké Bíteše,  |c 2014 
300 |a 18 s. :  |b il., 1 mapa, portréty ;  |c 21 cm 
490 1 |a Průvodce Bítešskem ;  |v sv. 3 
500 |a Název z obálky 
500 |a 2400 výt. 
650 0 7 |a cykloturistika  |7 ph114274  |z Česko  |2 czenas 
650 0 7 |a vodní prameny  |7 ph127160  |z Česko  |2 czenas 
650 0 9 |a bicycle touring  |z Czechia  |2 eczenas 
650 0 9 |a springs  |z Czechia  |2 eczenas 
651 7 |a Velká Bíteš (Česko : oblast)  |7 ge289548  |x vlastivěda  |2 czenas 
651 9 |a Velká Bíteš Region (Czechia)  |x description and travel  |2 eczenas 
655 7 |a informační publikace  |7 fd132454  |2 czenas 
655 9 |a information publications  |2 eczenas 
830 0 |a Průvodce Bítešskem  |0 s 
910 2 |a BOA001  |b 2-1344.340 
928 9 |a Klub kultury města Velké Bíteše 
990 |a BK 
995 |a 11 
991 |b 201504  |c NOV  |e n 
996 6 |b 2610628532  |c 2-1344.340  |l MZK  |r Sklad / do 1 hodiny  |n 1  |p p.v.  |w 001498896  |u 000010  |a 1  |e BOA001  |j MZK50  |s P